000 00442cam a2200169ua 4500
041 _aeng
_h
082 _a631.5872
_bDOO/YI
100 _aDoorenbor, J .
245 _aYield response to water /
_cJ Doorenbor.
_hTextual Documents
250 _a1 /
_b.
260 _aRome :
_bFood and Agriculture organization of United States ,
_c1986.
300 _a193 ; .
504 _a
700 1 _aKassam, A H.
942 _cBK
999 _c8522
_d8522